| 000 | 00624nam a2200265Ia 4500 | ||
|---|---|---|---|
| 001 | 115533 | ||
| 003 | YMCAF | ||
| 005 | 20230512162646.0 | ||
| 008 | 110330s2010 ||||||||||||||||| ||und|d | ||
| 024 | _a115533 | ||
| 035 | _a40535 | ||
| 040 |
_aYMCAF _beng _cIN-KoLT |
||
| 041 | _aeng | ||
| 082 |
_a621.319 _bCHA |
||
| 100 | _aChakrabarti, A | ||
| 245 | 0 | _aText book on power system engineering | |
| 250 | _a2nd rev. | ||
| 260 |
_aNew Delhi _bDhanpat Rai _c2010 |
||
| 300 | _a836p | ||
| 653 | _aElectronic | ||
| 653 | _aPower system | ||
| 700 | _aGupta, P V And others | ||
| 700 | _aSoni, M L | ||
| 942 |
_2ddc _cBK |
||
| 999 |
_c12594 _d12594 |
||